00326nam a22001457a 4500003000400000005001700004008004100021020001500062040000700077082001100084100001700095245003500112260002500147300000800172OSt20210913154542.0210913b |||||||| |||| 00| 0 eng d a0198130023 chu a070.72 ajoad raymond athe invention of the newspaper anew yorkbhallc1996 a379